<?xml version="1.0" encoding="UTF-8"?><?xml-stylesheet type="text/xsl" href="static/style.xsl"?><OAI-PMH xmlns="http://www.openarchives.org/OAI/2.0/" xmlns:xsi="http://www.w3.org/2001/XMLSchema-instance" xsi:schemaLocation="http://www.openarchives.org/OAI/2.0/ http://www.openarchives.org/OAI/2.0/OAI-PMH.xsd"><responseDate>2026-04-17T03:55:19Z</responseDate><request verb="GetRecord" identifier="oai:www.recercat.cat:2099.1/21356" metadataPrefix="marc">https://recercat.cat/oai/request</request><GetRecord><record><header><identifier>oai:recercat.cat:2099.1/21356</identifier><datestamp>2025-07-22T15:18:20Z</datestamp><setSpec>com_2072_1033</setSpec><setSpec>col_2072_452951</setSpec></header><metadata><record xmlns="http://www.loc.gov/MARC21/slim" xmlns:dcterms="http://purl.org/dc/terms/" xmlns:xsi="http://www.w3.org/2001/XMLSchema-instance" xmlns:doc="http://www.lyncode.com/xoai" xsi:schemaLocation="http://www.loc.gov/MARC21/slim http://www.loc.gov/standards/marcxml/schema/MARC21slim.xsd">
   <leader>00925njm 22002777a 4500</leader>
   <datafield ind2=" " ind1=" " tag="042">
      <subfield code="a">dc</subfield>
   </datafield>
   <datafield ind2=" " ind1=" " tag="720">
      <subfield code="a">Carulla Abadal, Antoni</subfield>
      <subfield code="e">author</subfield>
   </datafield>
   <datafield ind2=" " ind1=" " tag="260">
      <subfield code="c">2013-06-27</subfield>
   </datafield>
   <datafield ind2=" " ind1=" " tag="520">
      <subfield code="a">El present TFM, realitzat pel Sr. Antoni Carulla, alumne del Màster en Formació del Professorat de Secundària en l’especialitat de Tecnologies, planteja la part d’activitats corresponents a l’assignatura de Tecnologia pel Treball de Síntesi (TS) del segon curs de l’ESO a partir de la visita a dos museus que tenen evidents aspectes dels blocs curriculars de “processos i transformacions tecnològiques en la vida quotidiana” i “electricitat”, dos dels tres blocs en els quals s’estructura el curs; arribant al resultat d’una guia didàctica corresponent a la part de Tecnologia del TS de 2n d’ESO, aplicable per tots els centres docents d’educació secundària que ho desitgin i tinguin les possibilitats de fer-ho.&#xd;
Els museus en qüestió són el Museu dels Raiers del Pont de Claverol i el Museu Hidroelèctric de Capdella, i serà condició indispensable per la posada en pràctica del TS que l’alumnat els visiti. El plantejament de les activitats del TS no s’ha fet exclusivament a partir de la visita a ambdós museus, sinó que és fruit d’un treball exhaustiu de comparació entre el currículum de l’assignatura i la temàtica dels museus, tenint en compte els continguts, els objectius, les competències i els criteris d’avaluació de la Tecnologia com assignatura comuna a l’ESO i específicament per al segon curs.&#xd;
El conjunt de les activitats, que es troba a l’Annex 1 del TFM “material i activitats a realitzar per l’alumnat”, permet la comparació de l’antic procés industrial de la fusta, que es duia a terme des que s’obtenia fins que es comercialitzava, amb els processos industrials actuals; així com la visió d’una forma renovable i neta de produir electricitat: l’aprofitament de l’energia hidràulica. És evident que el bloc d’electricitat s’hi treballa a partir de la temàtica del Museu Hidroelèctric de Capdella; en canvi, el bloc de processos i transformacions tecnològiques s’hi estudia a partir dels dos museus, ja que són processos industrials tant el d’obtenció de la fusta com el d’obtenció d’electricitat: els dos parteixen d’una matèria primera, passen per un procés de transformació i acaben obtenint un producte final que es comercialitza –sigui fusta o electricitat–. Així doncs, atesa aquesta circumstància, hi ha una mica més de protagonisme en les activitats de processos industrials que en les d’electricitat; tanmateix això no significa que es doni menys importància a l’electricitat.&#xd;
Les activitats del bloc curricular “l’ordinador com a mitjà d’informació i comunicació”, però, no es treballen de forma independent: la proposta ha estat idear un nombre considerable d’activitats que treballin aspectes dels altres dos blocs de continguts, però que alhora requereixin utilitzar l’ordinador per crear documents i internet per cercar informació, compartir coneixements i treballar en xarxes i programes que permetin la cooperació i la compartició d’informació, com són les eines del Google Docs o, més aplicades a la docència, les Aules Virtuals o Moodle.&#xd;
El treball també inclou un document per efectuar les correccions de les activitats, al seu Annex 2, i la preparació d’un material per al professorat, com a guia d’ambdós museus, a l’Annex 3.</subfield>
   </datafield>
   <datafield tag="653" ind2=" " ind1=" ">
      <subfield code="a">Àrees temàtiques de la UPC::Ensenyament i aprenentatge::Ensenyament secundari::ESO</subfield>
   </datafield>
   <datafield tag="653" ind2=" " ind1=" ">
      <subfield code="a">Àrees temàtiques de la UPC::Ensenyament i aprenentatge::Material didàctic</subfield>
   </datafield>
   <datafield tag="653" ind2=" " ind1=" ">
      <subfield code="a">Technology -- Study and teaching (Secondary)</subfield>
   </datafield>
   <datafield tag="653" ind2=" " ind1=" ">
      <subfield code="a">Tecnologies</subfield>
   </datafield>
   <datafield tag="653" ind2=" " ind1=" ">
      <subfield code="a">Currículum</subfield>
   </datafield>
   <datafield tag="653" ind2=" " ind1=" ">
      <subfield code="a">Competències</subfield>
   </datafield>
   <datafield tag="653" ind2=" " ind1=" ">
      <subfield code="a">L’ordinador</subfield>
   </datafield>
   <datafield tag="653" ind2=" " ind1=" ">
      <subfield code="a">Treball de Síntesi (TS)</subfield>
   </datafield>
   <datafield tag="653" ind2=" " ind1=" ">
      <subfield code="a">Continguts</subfield>
   </datafield>
   <datafield tag="653" ind2=" " ind1=" ">
      <subfield code="a">Procés industrial</subfield>
   </datafield>
   <datafield tag="653" ind2=" " ind1=" ">
      <subfield code="a">2n d’ESO</subfield>
   </datafield>
   <datafield tag="653" ind2=" " ind1=" ">
      <subfield code="a">Electricitat</subfield>
   </datafield>
   <datafield tag="653" ind2=" " ind1=" ">
      <subfield code="a">Tecnologia -- Educació secundària obligatòria</subfield>
   </datafield>
   <datafield tag="653" ind2=" " ind1=" ">
      <subfield code="a">Blocs de continguts</subfield>
   </datafield>
   <datafield ind2="0" ind1="0" tag="245">
      <subfield code="a">Desenvolupament d'una metodologia per al treball de síntesi a partir de l'aigua com a font energètica i recurs comú en processos tecnològics dels segles XIX i XX al pirineu i prepirineu de Lleida</subfield>
   </datafield>
</record></metadata></record></GetRecord></OAI-PMH>